[Event "Festival Primavera Cattolica 2022"]
[Site "Cattolica"]
[Date "2022.03.19"]
[Round "6.10"]
[White "Koukas, Anastasios"]
[Black "Koellner, Ruben Gideon"]
[Result "0-1"]
[WhiteElo "2040"]
[BlackElo "2441"]
[Annotator "TA"]
[PlyCount "104"]
[EventDate "2022.03.16"]
[EventType "swiss"]
[EventCountry "ITA"]
[SourceTitle "playchess.com"]
[Source "ChessBase"]
[SourceQuality "1"]

{[%evp 12,104,31,13,34,16,16,16,51,39,61,37,47,39,58,68,83,81,94,91,92,89,82,25,137,60,76,34,26,14,4,-47,-54,-44,-52,-53,-48,-59,-53,-55,-40,-79,-66,-100,-48,-64,-4,-70,-32,-37,-53,-107,-45,-282,-271,-385,-425,-429,-439,-420,-429,-426,-401,-523,-562,-1049,-1033,-1003,-1003,-978,-957,-880,-867,-1030,-1042,-1042,-1042,-1045,-1045,-970,-1013,-1039,-1039,-1059,-1059,-1058,-975,-942,-824,-1728,-1662,-1430,-1158,-1059,-1009]} 1. e4 d6 2. d4 Nf6 3. Nc3 Nbd7 4. Nf3 e5 5. Bc4 Be7 6. a4 O-O 7. O-O exd4 {C41: Philidor Defence.} 8. Qxd4 Nc5 9. h3 a5 {The position is equal.} 10. Re1 {[#]} h6 $146 ({Predecessor:} 10... c6 11. Be3 Be6 12. e5 dxe5 13. Qxd8 Rfxd8 14. Bxc5 Bxc5 15. Bxe6 fxe6 16. Rxe5 Bb4 17. Rxe6 Bxc3 18. bxc3 {½-½ (40) Lansky,G (1960)-Adloff,R (2101) Hamburg 2019}) 11. Bf4 Ne6 12. Bxe6 fxe6 13. e5 Nh5 14. Bh2 {Strongly threatening Qg4.} d5 15. Qg4 Qe8 16. Nb5 Bd8 17. Ra3 (17. c4 $16) 17... Kh7 (17... Qf7 $11) 18. Nfd4 ({Better is} 18. c4 $1 $16) 18... g6 $1 $14 (18... Qf7 $2 19. Rf3 Qe8 20. Rxf8 Qxf8 21. Qxh5 $18) 19. Rf3 (19. c4 $1 $16 {[%cal Rc4d5]}) 19... Ng7 20. Rxf8 (20. c4 {looks sharper.} h5 21. Rxf8 Qxf8 22. Qe2 dxc4 23. Qe4) 20... Qxf8 21. Qf4 (21. Qe2 $11) 21... Qxf4 $1 $15 22. Bxf4 Bd7 23. g4 Ne8 24. Nc3 c6 25. Bd2 Bb6 26. Nb3 c5 27. Ra1 Bc6 (27... c4 $17 28. Nc1 d4) 28. Ne2 $1 d4 (28... Nc7 $1 $15) 29. c3 (29. c4 $1 $11) 29... Bd5 (29... d3 $5 {[%cal Rd3e2]} 30. Nec1 c4 $15) 30. Nbc1 g5 $36 {[%cal Od4d3][%mdl 2048] Black is more active.} 31. Ra3 {[#]} ({White should try} 31. f4 $15) 31... Rd8 {Black is more active.} ({Black should play} 31... d3 $1 $17 {[%cal Rd3e2]} 32. Nxd3 Rd8) 32. Kh2 $2 {[#] White does not recover from this.} (32. cxd4 $1 $15 cxd4 33. Nd3) 32... d3 $1 $19 33. Ng3 (33. c4 {only move.} Bxc4 34. Ng3) 33... c4 34. b3 Bxf2 35. bxc4 Bxc4 36. Ne4 Bb6 37. Nb3 Rd5 {Black is clearly winning.} 38. Nf6+ Nxf6 39. exf6 Re5 40. Nc1 {Prevents Re2+.} Be3 41. Nxd3 Bxd3 {This bishop pair is nice.} 42. c4 Bxd2 43. Rxd3 {[%mdl 4096] Endgame KRB-KR} Bf4+ 44. Kg2 Kg6 45. f7 Kxf7 46. Rd7+ Kf6 47. Rxb7 Re2+ 48. Kf3 Re3+ 49. Kf2 Ra3 50. Rh7 Rxh3 51. c5 Rc3 52. Rxh6+ Ke5 {Weighted Error Value: White=0.37/Black=0.15 (very precise)} 0-1

[Event "Festival Primavera Cattolica 2022"]
[Site "Cattolica"]
[Date "2022.03.19"]
[Round "7.1"]
[White "Bernadskiy, Vitaliy"]
[Black "Basso, Pier Luigi"]
[Result "1/2-1/2"]
[WhiteElo "2601"]
[BlackElo "2600"]
[Annotator "TA"]
[PlyCount "42"]
[EventDate "2022.03.16"]
[EventType "swiss"]
[EventCountry "ITA"]
[SourceTitle "playchess.com"]
[Source "ChessBase"]
[SourceQuality "1"]

{[%evp 12,19,10,12,22,12,12,9,16,4]} 1. d4 d5 2. Nf3 e6 3. c4 c6 4. e3 Nf6 5. Nbd2 Nbd7 6. Bd3 Be7 7. O-O {The position is equal.} b6 {D46: Semi-Slav: 5 e3 Nbd7 6 Bd3, Black avoids the Meran.} 8. e4 dxe4 9. Nxe4 Bb7 10. Bf4 {[#] Not much happened in this game.  Weighted Error Value: White=0.05 (flawless) /Black=0.06 (flawless)} {Predecessor:} Nxe4 $146 11. Bxe4 Nf6 12. Bc2 O-O 13. Qe2 c5 14. Rad1 cxd4 15. Be5 Nd7 16. Bxd4 Qc7 17. Ne5 Nxe5 18. Bxe5 Qc6 19. Qg4 g6 20. Rd3 Qe4 21. Qxe4 Bxe4 {½-½ (41) Andreikin,D (2741)-Duda,J (2730) Khanty-Mansiysk 2019} 1/2-1/2

[Event "Festival Primavera Cattolica 2022"]
[Site "Cattolica"]
[Date "2022.03.19"]
[Round "7.3"]
[White "Reuker, Jari"]
[Black "Bosiocic, Marin"]
[Result "0-1"]
[WhiteElo "2425"]
[BlackElo "2522"]
[Annotator "TA"]
[PlyCount "102"]
[EventDate "2022.03.16"]
[EventType "swiss"]
[EventCountry "ITA"]
[SourceTitle "playchess.com"]
[Source "ChessBase"]
[SourceQuality "1"]

{[%evp 14,102,16,20,31,25,36,31,29,18,31,28,43,43,50,0,0,0,0,-23,-27,-32,-33,-36,-4,-36,-24,-37,-37,-37,-46,-59,-54,-54,-56,-54,-58,-68,-62,-61,-56,-158,-169,-169,-175,-218,-213,-220,-232,-228,-233,-212,-183,-181,-193,-194,-197,-191,-202,-380,-373,-444,-444,-608,-598,-514,-581,-1084,-885,-687,-647,-963,-717,-1396,-1467,-1070,-998,-963,-1011,-2765,-2608,-5731,-6958,-7218,-6946,-29980,-29981,-29982,-8071,-29984,-29982]} 1. e4 c5 2. Nf3 {[%cal Bg1f3,Bf3d4,Bd4b5,Bb5a3,Ba3c2][%mdl 32]} Nc6 3. d4 cxd4 4. Nxd4 e5 5. Nb5 d6 6. c4 Be6 $1 {[%mdl 4] outshines the older 6...Be7.} 7. N1c3 a6 8. Na3 g6 {B32: Sicilian: Löwenthal and Kalashnikov Variations.} 9. Nc2 Bg7 10. Be2 Rc8 {[#] White is slightly better.} 11. Nd5 $146 ({Predecessor:} 11. b3 Nf6 12. O-O O-O 13. Be3 b5 14. cxb5 axb5 15. Bxb5 Ne7 16. Na4 Qa5 17. Bd3 {0-1 (36) Steinberg,N (2553)-Cheparinov,I (2688) Tornelo INT 2020}) 11... Nf6 12. Bg5 h6 13. Bxf6 Bxf6 14. Bg4 ({White should try} 14. Nxf6+ $14 Qxf6 15. Qxd6) 14... Bg7 $11 15. O-O O-O 16. Bxe6 fxe6 17. Nde3 Nd4 18. Qd3 Qc7 19. Rac1 Qc5 20. Rfd1 h5 21. b3 Rc7 {[%cal Bc8c7,Bc7f7,Bf7f4][%mdl 32]} 22. Nxd4 exd4 23. Nc2 {[%cal Rc2d4]} Rcf7 24. Rf1 Bh6 25. Rcd1 e5 26. Ne1 Qc6 {Black is more active.} 27. Qe2 {Black keeps a firm grip on the game.} ({White should play} 27. Nc2 $15) 27... Rf4 $1 $17 28. f3 Qxe4 29. Qd3 (29. fxe4 $2 {loses.} Rxf1+ 30. Qxf1 Be3+ 31. Qf2 Rxf2 $19) (29. Rf2 {keeps fighting.} Qxe2 30. Rxe2) 29... Qf5 $19 30. Qxf5 R4xf5 ({Resist} 30... gxf5 31. g3 $18) 31. Nc2 b5 32. cxb5 Rc8 33. Na3 Be3+ 34. Kh1 axb5 35. Nxb5 Rf6 36. Rfe1 $2 (36. a4) 36... d5 37. Re2 h4 38. a4 Rfc6 {aiming for ...Rc1.} 39. Ree1 Rc2 40. Ra1 {Prevents Ra2.} Rb2 {[%cal Oh4h3]} 41. Na3 Rxb3 {[%cal Od4d3] Hoping for ...d3!} 42. a5 Bd2 43. Reb1 Rxb1+ 44. Rxb1 Bxa5 {[%mdl 4096] Endgame White must now prevent ...d3. KRB-KRN} 45. Kg1 d3 {( -> ...d2)} 46. Kf2 Rc3 {Strongly threatening ...d2.} 47. Nb5 Bb6+ 48. Kf1 Rc2 49. Na3 Rf2+ 50. Kg1 {[#]} Be3 (50... d2 $142 $1 51. Kh1 {[#]} (51. Rxb6 d1=Q+) 51... e4 $1 52. Nc2 e3 $1 53. Nxe3 Bxe3 54. Kg1 d1=Q+ 55. Rxd1 Rd2+ 56. Kf1 Rxd1+ 57. Ke2 Rd2+ 58. Kxe3 Rxg2 59. h3 Rg3 60. Kf2 Rxh3 61. Ke3 Kf7 62. Kf2 Rh2+ 63. Ke3 h3 64. Kd4 Rc2 65. f4 h2 66. Kd3 Rc4 67. Kd2 h1=Q 68. f5 gxf5 69. Ke3 Qe4+ 70. Kf2 Rc2+ 71. Kg3 Qg4#) 51. Kh1 Re2 {Weighted Error Value: White=0.76/Black=0.15 (very precise)} 0-1

[Event "Festival Primavera Cattolica 2022"]
[Site "Cattolica"]
[Date "2022.03.19"]
[Round "7.4"]
[White "Davtyan, Artur"]
[Black "Ohanyan, Emin"]
[Result "1/2-1/2"]
[WhiteElo "2460"]
[BlackElo "2379"]
[Annotator "ChessBase"]
[PlyCount "63"]
[EventDate "2022.03.16"]
[EventType "swiss"]
[EventCountry "ITA"]
[SourceTitle "playchess.com"]
[Source "ChessBase"]
[SourceQuality "1"]
[TimeControl "30/3600+30:1800+30"]

1. Nf3 {[%emt 0:01:29]} d5 {[%emt 0:00:35]} 2. g3 {[%emt 0:00:27]} Nf6 {[%emt 0:01:33]} 3. Bg2 {[%emt 0:00:09]} g6 {[%emt 0:00:34]} 4. b3 {[%emt 0:00:06]} Bg7 {[%emt 0:01:16]} 5. Bb2 {[%emt 0:00:06]} O-O {[%emt 0:00:13]} 6. O-O {[%emt 0:00:07]} Nbd7 {[%emt 0:07:27]} 7. c4 {[%emt 0:02:27]} c6 {[%emt 0:00:27]} 8. Nc3 {[%emt 0:02:16]} Ne4 {[%emt 0:02:36]} 9. Qc2 {[%emt 0:00:57]} Nxc3 10. Bxc3 {[%emt 0:00:08]} Bxc3 {[%emt 0:02:04]} 11. Qxc3 {[%emt 0:00:09]} b6 {[%emt 0:12:45]} 12. cxd5 {[%emt 0:09:21]} cxd5 {[%emt 0:00:31]} 13. Rfc1 {[%emt 0:03:49]} e6 {[%emt 0:15:06]} 14. d3 {[%emt 0:19:00]} Bb7 {[%emt 0:06:16]} 15. Qc7 {[%emt 0:00:08]} Rb8 {[%emt 0:01:50]} 16. b4 {[%emt 0:00:50]} Nf6 {[%emt 0:06:09]} 17. Ne5 {[%emt 0:01:23]} Ne8 {[%emt 0:01:26]} 18. Qd7 {[%emt 0:04:41]} Nd6 {[%emt 0:02:10]} 19. a4 {[%emt 0:02:06]} Re8 {[%emt 0:03:42]} 20. Qxd8 {[%emt 0:17:42]} Rexd8 {[%emt 0:01:09]} 21. Rc7 {[%emt 0:00:16]} Rdc8 {[%emt 0:01:30]} 22. Rd7 {[%emt 0:02:43]} Rd8 {[%emt 0:00:22]} 23. Rc7 {[%emt 0:00:47]} Rdc8 {[%emt 0:00:05]} 24. Rac1 {[%emt 0:00:32]} Ne8 {[%emt 0:00:33]} 25. Rxc8 {[%emt 0:00:45]} Rxc8 {[%emt 0:00:04]} 26. Rxc8 {[%emt 0:00:05]} Bxc8 {[%emt 0:00:04]} 27. Kf1 {[%emt 0:00:16]} Bb7 {[%emt 0:01:17]} 28. Ke1 {[%emt 0:00:18]} f6 {[%emt 0:00:20]} 29. Nf3 {[%emt 0:01:57]} Kf7 {[%emt 0:01:12]} 30. e3 {[%emt 0:00:00]} Nc7 {[%emt 0:00:00]} 31. Kd2 {[%emt 0:00:36]} Bc6 {[%emt 0:01:44]} 32. a5 {[%emt 0:02:44]} 1/2-1/2

[Event "Festival Primavera Cattolica 2022"]
[Site "Cattolica"]
[Date "2022.03.19"]
[Round "7.5"]
[White "Park, Evan"]
[Black "Dardha, Daniel"]
[Result "1-0"]
[WhiteElo "2296"]
[BlackElo "2541"]
[Annotator "TA"]
[PlyCount "117"]
[EventDate "2022.03.16"]
[EventType "swiss"]
[EventCountry "ITA"]
[SourceTitle "playchess.com"]
[Source "ChessBase"]
[SourceQuality "1"]

{[%evp 18,117,28,22,35,22,40,16,20,0,34,29,39,36,45,33,35,54,41,47,27,31,77,79,70,68,76,47,73,79,93,104,96,108,110,96,81,110,95,42,57,19,118,13,22,20,17,28,126,120,132,120,126,94,141,97,181,77,259,166,175,98,172,176,220,122,372,368,425,406,419,400,532,541,530,508,549,541,466,511,541,538,535,513,664,658,643,613,584,577,817,813,884,577,539,547,507,425,560,562,535,513]} 1. e4 c5 2. Nf3 d6 3. d4 cxd4 4. Nxd4 Nf6 5. Nc3 Nc6 6. Bg5 e6 7. Qd2 a6 8. O-O-O Bd7 9. Kb1 Be7 10. f3 {10.Nxc6 injects fresh life into this line.} Nxd4 {B67: Sicilian: Richter-Rauzer: 7...a6 8 0-0-0 Bd7, lines without 9 f4 Be7.} 11. Qxd4 Qc7 12. Qd2 b5 {The position is equal.} 13. g4 {[%cal Bg2g4,Bg4g5][%mdl 32]} b4 14. Ne2 a5 {[#]} 15. Bf4 $146 ({Predecessor:} 15. Be3 a4 16. g5 Nh5 17. Ng3 g6 18. Nxh5 gxh5 19. f4 b3 20. Bd3 bxa2+ 21. Ka1 {1-0 (40) Risteski,E (2337)-Ozguner,H (2165) Arandjelovac 2021}) 15... Rc8 16. g5 Nh5 17. Be3 Bc6 18. Nd4 O-O 19. Bh3 Bd7 (19... Qb7 $14) 20. Bg4 $16 g6 {[%cal Bg7g6,Bg6h5][%mdl 32]} 21. Bxh5 gxh5 22. Ne2 $1 a4 23. Nf4 b3 24. cxb3 axb3 25. Rc1 {Inhibits Qc2+.} Qb7 26. Nxh5 Qa6 {[%csl Gb3][%cal Ra6a2]} 27. a3 {Hoping for Nf6+. Chess con chili. Active counter play!} Bb5 {And now ...Bd3+ would win.} 28. Rc3 {Prevents Bd3+.} (28. Qd4 $6 e5 29. Qb6 Bd3+ 30. Ka1 Qxb6 31. Bxb6 Rc2 $11) (28. Nf6+ $16 Kh8 29. Bd4 Bxf6 30. Bxf6+ Kg8 31. Qb4) 28... Be2 $1 $14 29. Nf6+ (29. Qd4 $2 e5 30. Qb6 Qxb6 31. Bxb6 Rxc3 32. bxc3 Bxf3 $19) 29... Kh8 (29... Bxf6 $11 {remains equal.} 30. gxf6 Rxc3 31. Rg1+ (31. bxc3 $2 {perishes.} Bxf3 32. Bh6 Bxe4+ 33. Kb2 Ra8 $17) 31... Kh8 32. Qxc3 Bxf3) 30. Bd4 (30. Nd7 $16 Rfd8 31. Re1 $1) 30... e5 $1 $11 31. Nd5 Rxc3 32. Bxc3 Bxf3 33. Re1 $36 {[%mdl 2048] White is in control.} Bd8 34. Qe3 Bh5 35. h4 Bg6 (35... Bg4 $142) 36. Qf3 (36. Ka1 $142) 36... h5 {[#]} (36... Qc4 $16) 37. Bb4 (37. Nf4 $1 $18 {[%cal Rf4g6] has better winning chances.} Kg8 38. Nxg6 (38. Nxh5 d5 $16) 38... fxg6 39. Qd1) 37... Ba5 $2 (37... Qc8 $16 {was called for.}) 38. Qxb3 Rb8 39. Qc3 (39. Ka1 $18) 39... Rc8 {[#]} (39... Qb5 $16) 40. Qd2 $1 $18 ({Wrong is} 40. Bxa5 $2 Rxc3 41. Nxc3 Qxa5 $19) 40... Bxb4 (40... Bd8 {keeps fighting.}) 41. Nxb4 (41. Qxb4 $18 {Strongly threatening Ka2.} Rc4 42. Qb8+ Rc8 43. Qb3) 41... Qb6 $2 (41... Qc4 $16) 42. Nd5 Qb7 43. Nf6 Qc6 44. Ka1 Qc5 45. Rd1 {[%cal Be1d1,Bd1d3,Bd3b3,Bb3b7,Bb7e7][%mdl 32] White is clearly winning.} Rc6 46. Qd5 Qb6 47. Rd3 {Intending Rc3 and mate.} Kg7 48. Ka2 Qa6 49. Rb3 Rc8 50. Qb5 Qa7 51. Qb7 {Prevents Qe7.} Qxb7 52. Rxb7 {[%mdl 4096] Endgame KRB-KRN} d5 53. exd5 e4 54. Re7 Rd8 55. Nxe4 {Black must now prevent Nf6.} Rxd5 56. Nf6 {Threatens to win with Re8.} Rd1 57. Kb3 {aiming for Re8.} Bb1 58. Nxh5+ Kf8 59. Re3 {Weighted Error Value: White=0.25 (precise) /Black=0.37} 1-0

[Event "Festival Primavera Cattolica 2022"]
[Site "Cattolica"]
[Date "2022.03.19"]
[Round "7.6"]
[White "Chennaoui, Yasin"]
[Black "Dimitrov, Radoslav"]
[Result "0-1"]
[WhiteElo "2014"]
[BlackElo "2487"]
[Annotator "TA"]
[PlyCount "130"]
[EventDate "2022.03.16"]
[EventType "swiss"]
[EventCountry "ITA"]
[SourceTitle "playchess.com"]
[Source "ChessBase"]
[SourceQuality "1"]

{[%evp 9,130,20,16,14,10,-3,31,21,25,3,5,4,32,41,35,0,10,0,5,-76,-73,-69,-67,-71,-62,-69,-73,-80,-74,-89,-91,-92,-97,-116,-114,-104,-107,-102,-103,-113,-104,-156,-112,-104,-108,-111,-97,-97,-91,-79,-60,-101,-80,-153,-147,-191,-183,-177,-194,-183,-177,-191,-187,-182,-167,-206,-189,-193,-162,-173,-166,-218,-219,-262,-261,-461,-445,-462,-455,-551,-551,-523,-540,-512,-501,-1019,-763,-1569,-1443,-1522,-1304,-29957,-12836,-29960,-4627,-29972,-29968,-29973,-29967,-29978,-29978,-29980,-29980,-29981,-29982,-29983,-29984,-29985,-29986,-29986,-29987,-29987,-29988,-29988,-29989,-29989,-29990,-29991,-29992,-29993,-29993,-29994,-29994]} 1. c4 b6 2. Nc3 c5 3. e4 Bb7 4. g3 Nc6 5. Bg2 g6 6. Nge2 {A34: Symmetrical English: 2 Nc3, lines with ...d5.} Bg7 {Inhibits d4.} 7. O-O {The main line 7.0-0 scores better than 7.d3.} Nh6 8. d3 {White is slightly better.} O-O 9. h3 f5 10. Be3 {[#]} Qc8 $146 ({Predecessor:} 10... Nd4 11. Qd2 Nf7 12. f4 e5 13. Rab1 d6 14. b4 Qd7 15. bxc5 dxc5 16. Bxd4 cxd4 {0-1 (35) Ahvenjarvi,J (2005)-Pudas,T (2173) Tampere 2010}) 11. Qd2 Nf7 12. f4 Nd4 13. Nd5 Re8 14. e5 (14. Bxd4 $11 {remains equal.} cxd4 15. exf5 gxf5 16. a4) 14... Nxe2+ $17 15. Qxe2 e6 16. Nc3 d6 17. exd6 Nxd6 {[%cal Bf7d6,Bd6b7,Bb7a5,Ba5b3][%mdl 32]} 18. Bxb7 Qxb7 (18... Nxb7 {seems wilder.} 19. Rad1 Qd7 20. Qg2 Na5 21. Bf2 Nc6) 19. Qf3 Qxf3 20. Rxf3 Rad8 21. Re1 Rd7 22. Bf2 Nb7 23. Kf1 Kf7 24. Ke2 Na5 25. a3 (25. g4 $142) 25... Red8 (25... e5 $142 {Threatens to win with ...e4.} 26. fxe5 Nc6 27. e6+ Rxe6+ 28. Re3 Red6) 26. g4 Nb3 27. Rf1 Bf6 {Black is more active.} 28. g5 Bg7 29. h4 h6 30. Rh1 {Black keeps a firm grip on the game.} (30. Kd1 $15) 30... Rh8 31. Rfh3 ({Better is} 31. gxh6 Rxh6 32. Kd1) 31... hxg5 $1 32. hxg5 {[#]} (32. fxg5 $17 {is a better defense.} Rhd8 33. Rd1) 32... Nc1+ $1 $19 {[%mdl 512]} 33. Kd2 {[#]} Nxd3 {[%mdl 512]} 34. Rxh8 Nxf2+ 35. Ke3 Nxh1 36. Rxh1 {[%mdl 4096] Endgame KRB-KRN} Kg8 37. Rc1 Bd4+ 38. Kf3 Rh7 39. Nb5 {[#]} Rh3+ $1 40. Kg2 {[#]} (40. Ke2 $142) 40... Rb3 $1 (40... Bxb2 41. Rb1 Rb3 42. Nxa7 $17) 41. Nxd4 cxd4 {KR-KR} 42. Rc2 $2 (42. c5 {might work better.} Rxb2+ 43. Kf3 bxc5 44. Rxc5) 42... Kf7 43. Rd2 e5 44. fxe5 Ke6 45. Rxd4 Kxe5 ({Not} 45... Rxb2+ 46. Kf3 $17) 46. Rd7 Kf4 47. Rxa7 (47. Rd2 $142 Kxg5 48. Kg1) 47... Rxb2+ 48. Kf1 Kxg5 49. Rb7 Rc2 50. Rxb6 Rxc4 {( -> ...f4)} 51. Ra6 f4 (51... Rc2 $142 52. a4 f4 53. Kg1 Ra2 54. Rd6 Kf5 55. a5 g5 56. Kf1 Rxa5 57. Rd2 Ra4 58. Rd5+ Kg4 59. Ke2 Ra2+ 60. Kd3 f3 61. Rb5 f2 62. Rb4+ Kf3 63. Rb1 g4 64. Kd4 g3 65. Rh1 Ra4+ 66. Kd5 g2 67. Rh3+ Ke2 68. Rc3 g1=Q 69. Rc2+ Kd3 70. Rb2 Rd4+ 71. Kc6 Qc1+ 72. Rc2 Qxc2+ 73. Kb5 Qc7 74. Ka6 Kc2 75. Kb5 f1=Q#) 52. a4 Kf5 {Black mates.} 53. a5 Ra4 54. Ra8 Kg4 55. a6 Kf3 {[%cal Ra4a1]} 56. Ke1 Kg2 57. a7 f3 58. Rg8 f2+ 59. Kd2 f1=Q 60. a8=Q+ Rxa8 61. Rxa8 Qf4+ 62. Kc3 Qf3+ 63. Kd4 Qxa8 64. Ke5 Kf3 65. Kd4 Kf4 {Weighted Error Value: White=0.61/Black=0.21 (precise)} 0-1

[Event "Festival Primavera Cattolica 2022"]
[Site "Cattolica"]
[Date "2022.03.19"]
[Round "7.7"]
[White "Ojas Kulkarni"]
[Black "Mirzoev, Emil"]
[Result "1/2-1/2"]
[WhiteElo "2236"]
[BlackElo "2460"]
[Annotator "TA"]
[PlyCount "43"]
[EventDate "2022.03.16"]
[EventType "swiss"]
[EventCountry "ITA"]
[SourceTitle "playchess.com"]
[Source "ChessBase"]
[SourceQuality "1"]

{[%evp 15,43,21,16,15,18,0,54,14,47,45,52,36,44,-9,-10,0,0,0,0,0,23,11,14,17,22,22,53,13,19,10]} 1. c4 e5 2. g3 d6 3. Nc3 g6 4. Bg2 Bg7 5. d3 f5 6. e4 Ne7 7. Nge2 O-O 8. O-O Nbc6 9. Bg5 {A26: English Opening vs King's Indian with ...Nc6 and d3.} h6 10. Be3 Be6 (10... Nd4 $11) 11. Qd2 {White is slightly better.} Kh7 12. Nd5 Qd7 13. Rad1 {[#]} Rae8 $146 ({Predecessor:} 13... fxe4 14. dxe4 b6 15. b4 Rad8 16. a3 Qc8 17. b5 Bxd5 18. cxd5 Na5 19. Qc2 Qd7 {1-0 (36) Lindholm,T-Karttinen,R Finland 2002}) 14. Nxe7 (14. b4 $14) 14... Rxe7 $11 15. b3 Ref7 16. exf5 Bxf5 17. d4 {[%cal Bd3d4,Bd4d5][%mdl 32]} Bh3 18. d5 {[#] Hoping for Bxh3.} Ne7 19. f3 Qc8 20. Nc3 ({Stronger than} 20. Bxa7 Bxg2 21. Kxg2 b6 $17) 20... Bd7 21. Ne4 Nf5 22. Rc1 {Weighted Error Value: White=0.15 (very precise) /Black=0.16 (very precise)} (22. Bxa7 $2 b6 23. Bxb6 cxb6 $19) 1/2-1/2

[Event "Festival Primavera Cattolica 2022"]
[Site "Cattolica"]
[Date "2022.03.19"]
[Round "7.8"]
[White "Koellner, Ruben Gideon"]
[Black "Enchev, Ivajlo"]
[Result "1/2-1/2"]
[WhiteElo "2441"]
[BlackElo "2449"]
[Annotator "ChessBase"]
[PlyCount "85"]
[EventDate "2022.03.16"]
[EventType "swiss"]
[EventCountry "ITA"]
[SourceTitle "playchess.com"]
[Source "ChessBase"]
[SourceQuality "1"]
[TimeControl "30/3600+30:1800+30"]

1. d4 {[%emt 0:00:03]} d5 {[%emt 0:00:12]} 2. Bf4 {[%emt 0:00:08]} c5 {[%emt 0:00:47]} 3. e3 {[%emt 0:00:05]} Nc6 {[%emt 0:01:09]} 4. c3 {[%emt 0:00:18]} Nf6 {[%emt 0:00:40]} 5. Nd2 {[%emt 0:00:05]} Bf5 {[%emt 0:01:17]} 6. Qb3 {[%emt 0:00:17]} Qd7 {[%emt 0:01:13]} 7. Ngf3 {[%emt 0:00:14]} c4 {[%emt 0:01:12]} 8. Qd1 {[%emt 0:00:07]} b5 {[%emt 0:00:46]} 9. Nh4 {[%emt 0:01:04]} e6 {[%emt 0:04:27]} 10. Nxf5 {[%emt 0:01:18]} exf5 {[%emt 0:00:02]} 11. Be2 {[%emt 0:00:41]} Bd6 {[%emt 0:00:48]} 12. Bxd6 {[%emt 0:04:27]} Qxd6 {[%emt 0:00:03]} 13. Qc2 {[%emt 0:00:07]} g6 {[%emt 0:02:36]} 14. b3 {[%emt 0:03:38]} O-O {[%emt 0:01:45]} 15. O-O {[%emt 0:00:43]} Rfc8 {[%emt 0:06:13]} 16. bxc4 {[%emt 0:01:51]} bxc4 {[%emt 0:00:55]} 17. Rfb1 {[%emt 0:00:59]} Qa3 {[%emt 0:03:08]} 18. Rb7 {[%emt 0:01:25]} Rab8 {[%emt 0:04:22]} 19. Rab1 {[%emt 0:00:03]} Rxb7 {[%emt 0:00:47]} 20. Rxb7 {[%emt 0:00:05]} Rb8 {[%emt 0:00:43]} 21. Rxb8+ {[%emt 0:00:09]} Nxb8 {[%emt 0:00:04]} 22. Nb1 {[%emt 0:00:12]} Qa5 {[%emt 0:00:26]} 23. Qb2 {[%emt 0:01:04]} Nbd7 {[%emt 0:00:46]} 24. Bd1 {[%emt 0:00:38]} Ne4 {[%emt 0:04:06]} 25. Bc2 {[%emt 0:02:16]} Nd6 {[%emt 0:01:08]} 26. Qa3 {[%emt 0:02:52]} Qb6 {[%emt 0:05:23]} 27. Qb4 {[%emt 0:00:24]} Kf8 {[%emt 0:01:22]} 28. Qxb6 {[%emt 0:03:35]} axb6 {[%emt 0:00:28]} 29. a4 {[%emt 0:00:28]} Ke7 {[%emt 0:00:55]} 30. f3 {[%emt 0:00:00]} Nf8 {[%emt 0:00:00]} 31. Nd2 {[%emt 0:02:33]} b5 {[%emt 0:10:26]} 32. axb5 {[%emt 0:00:20]} Nxb5 {[%emt 0:00:04]} 33. Nb1 {[%emt 0:00:48]} Nd6 {[%emt 0:00:53]} 34. Kf2 {[%emt 0:00:27]} Nd7 {[%emt 0:00:38]} 35. Ke2 {[%emt 0:01:00]} Nf6 {[%emt 0:01:11]} 36. Ba4 {[%emt 0:02:42]} Kd8 {[%emt 0:01:50]} 37. Na3 {[%emt 0:00:23]} Kc7 {[%emt 0:00:33]} 38. Nc2 {[%emt 0:00:15]} Kb6 {[%emt 0:46:12]} 39. Nb4 {[%emt 0:02:14]} Nb5 {[%emt 0:00:00]} 40. Kd2 {[%emt 0:01:56]} Na7 {[%emt 0:00:00]} 41. g3 {[%emt 0:01:03]} Kb7 {[%emt 0:00:00]} 42. h3 {[%emt 0:08:33]} h5 {[%emt 0:00:00]} 43. h4 {[%emt 0:03:32]} 1/2-1/2